Juicio de la planificación / (Record no. 85032)

MARC details
000 -LEADER
campo de control de longitud fija 00805nam a2200217 i 4500
001 - NÚMERO DE CONTROL
campo de control 85032
003 - IDENTIFICADOR DE NÚMERO DE CONTROL
campo de control ES-MaACL
005 - FECHA Y HORA DE LA ÚLTIMA TRANSACCIÓN
campo de control 20240308153406.0
007 - CAMPO FIJO DE DESCRIPCIÓN FÍSICA--INFORMACIÓN GENERAL
campo de control de longitud fija t|
008 - DATOS DE LONGITUD FIJA--INFORMACIÓN GENERAL
campo de control de longitud fija 041125s1950 sp ||||1| spa d
100 1# - ENTRADA PRINCIPAL--NOMBRE DE PERSONA
Nombre de persona Jewkes, John.
9 (RLIN) 66386
245 10 - MENCIÓN DEL TÍTULO
Título Juicio de la planificación /
Mención de responsabilidad, etc. John Jewkes ; versión española por Amando Lázaro Ros ; introducción y revisión por Manuel de Torres.
260 ## - PUBLICACIÓN, DISTRIBUCIÓN, ETC.
Lugar de publicación, distribución, etc. México :
Nombre del editor, distribuidor, etc. Aguilar,
Fecha de publicación, distribución, etc. 1950 (
Fabricante Jakez)
300 ## - DESCRIPCIÓN FÍSICA
Extensión XXXII, 238 p. ;
Dimensiones 22 cm.
490 1# - MENCIÓN DE SERIE
Mención de serie Biblioteca de ciencias económicas, políticas y sociales
700 1# - ENTRADA AGREGADA--NOMBRE PERSONAL
Nombre de persona Lázaro Ros, Amando.
9 (RLIN) 70807
700 1# - ENTRADA AGREGADA--NOMBRE PERSONAL
Nombre de persona Torres, Manuel de.
9 (RLIN) 110904
830 0# - PUNTO DE ACCESO ADICIONAL DE SERIE-TÍTULO UNIFORME
Título uniforme Biblioteca de ciencias económicas, políticas y sociales
9 (RLIN) 182661
852 ## - LOCALIZACIÓN
Ubicación ES-MaACL
Número de control de estantería C-11547
Sublocalización o colección R.39785
Holdings
Estatus retirado Estado de pérdida Estado de daño No para préstamo Biblioteca de origen Biblioteca actual Ubicación en estantería Fecha de adquisición Fuente de adquisición Total de préstamos Signatura topográfica completa Código de barras Visto por última vez Precio de reemplazo Tipo de ítem Koha
        Biblioteca del Ateneo de Madrid Biblioteca del Ateneo de Madrid Sala Palomar 17/01/2008     C-11547 1088859 23/02/2023 23/02/2023 Libro impreso